Statistics for Blink-182 Songs (all incl. california, dogs eating dogs, buddha...)

Click here to take the quiz!

General Stats

  • This quiz has been taken 559 times
    (402 since last reset)
  • The average score is 83 of 189

Answer Stats

Blink-182 Album Blink-182 Song % Correct
Dammit
90%
Go
84%
All The Small Things
84%
What's My Age Again
82%
BuddhaCarousel
82%
I Miss You
82%
Josie
81%
Blink-182Feeling This
81%
Anthem
81%
Adam's Song
77%
Take Off Your Pants and JacketAnthem Part Two
76%
Down
76%
Stay Together For The Kids
76%
The Rock Show
75%
Always
75%
Enema Of The State DemoAliens Exist
73%
Going Away To College
72%
First Date
72%
Dogs Eating Dogs
68%
M+M's
68%
Don't
68%
California
68%
The Party Song
66%
Dumpweed
66%
Bored To Death (Acoustic)
65%
Wendy Clear
65%
Bored To Death
65%
Don't Leave Me
63%
Stockholm Syndrome
63%
San Diego
62%
Man Overboard
62%
Mutt
62%
Up All Night
61%
Online Songs
58%
Los Angeles
58%
Built This Pool
56%
Violence
56%
Obvious
56%
Reckless Abandon
56%
Wishing Well
54%
Untitled 1
54%
Dude RanchPathetic
53%
Dysentery Gary
53%
Apple Shampoo
52%
She's Out Of Her Mind
51%
NeighborhoodsGhost on the Dance Floor
51%
Untitled
51%
Happy Holidays You Bastard
51%
After Midnight
51%
TV
49%
Easy Target
49%
Boxing Day
49%
Roller Coaster
49%
Every Time I Look For You
49%
Voyeur
49%
CaliforniaCynical
48%
Lemmings/Going NowhereLemmings
48%
Dick Lips
46%
Hearts All Gone
46%
Kings Of The Weekend
46%
The Fallen Interlude
44%
Kaleidoscope
44%
Story Of A Lonely Guy
43%
Buddha PromoPrincess Leia
43%
Toast and Bananas
43%
Emo
43%
Asthenia
42%
Brohemian Rhapsody
41%
Rabbit Hole
41%
Natives
41%
A New Hope
39%
SingleNot Now
39%
Ben Wah Balls
39%
All Of This
39%
Strings
39%
Even If She Falls
38%
Shut Up
38%
Pretty Little Girl
38%
Peggy Sue
38%
Time
38%
Blew Job
38%
Waggy
37%
Teenage Satellites
37%
Home Is Such A Lonely Place
37%
Enthused
37%
Please Take Me Home
37%
Hearts All Gone Interlude
37%
Christmas SingleI Won't Be Home For Christmas
37%
Strung Out
37%
Here's Your Letter
37%
I'm Lost Without You
37%
Touchdown Boy
35%
FlyswatterReebok Commercial
35%
Fuck A Dog
35%
Romeo and Rebecca
35%
Sober
35%
Parking Lot
35%
Boring
35%
Misery
35%
Family Reunion
35%
I'm Sorry
35%
Snake Charmer
35%
Fentoozler
34%
Love Is Dangerous
33%
Dogs Eating DogsWhen I Was Young
33%
Wasting Time
33%
This Is Home
32%
Disaster
32%
6/8
32%
Does My Breath Smell
32%
Zulu
32%
Short BusDoes My Breath Smell?
32%
Give Me One Good Reason
32%
No Future
30%
Fighting The Gravity
30%
Take Off Your Pants and Jacket Hidden Tracks (Yellow)What Went Wrong
29%
Country Song
29%
Alone
29%
Degenerate
29%
Red Skies
28%
My Pet Sally
28%
Can't Get You More Pregnant
28%
Mother's Day
27%
Wildfire
27%
Sometimes
27%
Hey I'm Sorry
27%
When You Fed Grandpa
27%
Marlboro Man
27%
Bottom Of The Ocean
27%
Depends
27%
Cacophony
25%
Just About Done
25%
Untitled 2
24%
Take Off Your Pants and Jacket Hidden Tracks (Green)Don't Tell Me It's Over
24%
MH 4.18.2011
23%
Last Train Home
23%
Left Alone
23%
21 Days
23%
Take Off Your Pants and Jacket Hidden Tracks (Red)Time To Break Up
23%
The Only Thing That Matters
22%
Point Of View
22%
They Came To Conquer... UranusWrecked Him
20%
Buddha (1st Release Only)Transvestite
20%
The Girl Next Door
20%
The Girl Next Door
19%
Life's So Boring
18%
B-Side13 Miles
16%
B-SideGood Times
16%
Dude Ranch Japan VersionDog Lapping
16%
Don't Mean Anything
14%
Better Days
14%
Good Old Times
13%
Long Lost Feeling
13%

Score Distribution

Percentile by Number Answered

Percent of People with Each Score

Your Score History

You have not taken this quiz since the last reset